header

Fuelling economic growth (Record no. 2094)

MARC details
000 -LEADER
fixed length control field 01243nam a2200289Ia 4500
245 00 - TITLE STATEMENT
Title Fuelling economic growth
260 ## - PUBLICATION, DISTRIBUTION, ETC. (IMPRINT)
Place of publication Warkwickshire :
Name of publisher Practical Action Publishing ;
Place of publication Ottawa :
Name of publisher International Development Research Centre,
Year of publication 2009.
300 ## - PHYSICAL DESCRIPTION
Number of Pages xiv, 272 p.
650 #0 - SUBJECT ADDED ENTRY--TOPICAL TERM
Topical Term Economic development.
Topical Term Public-private sector cooperation.
700 1# - ADDED ENTRY--PERSONAL NAME
Personal name Graham, Michael.
Personal name Woo, Jean.
856 40 - ELECTRONIC LOCATION AND ACCESS
Uniform Resource Identifier http://site.ebrary.com/lib/rucke/Doc?id=10286211

No items available.

© 2026 Rongo University
Contact us: librarian | system librarian | Rongo university